Cities from above - Statistics

General Stats
  • This quiz has been taken 55 times
  • The average score is 8 of 20
Answer Stats
Picture Answer % Correct
London
90%
Los Angeles
78%
Berlin
65%
Moscow
55%
Shanghai
51%
Toronto
49%
Hong Kong
45%
Lisbon
45%
Singapore
43%
Sydney
43%
Cape Town
39%
Seattle
39%
Budapest
37%
Copenhagen
33%
São Paulo
31%
Las Vegas
29%
Mumbai
27%
Prague
27%
Tel Aviv
16%
Belgrade
4%
No matching quizzes found
Score Distribution
Percent of People with Each Score
Percentile by Number Answered
Your Score History
You have not taken this quiz